تعال نتعلم العد / (رقم التسجيلة. 114495)

تفاصيل مارك
000 -LEADER
fixed length control field 00567nam a22001937a 4500
005 - DATE AND TIME OF LATEST TRANSACTION
control field 20251108174641.0
008 - FIXED-LENGTH DATA ELEMENTS--GENERAL INFORMATION
fixed length control field 250721s1999 xx 000 0 ara d
082 14 - DEWEY DECIMAL CLASSIFICATION NUMBER
Classification number ط/372.21/حرم
100 1# - MAIN ENTRY--PERSONAL NAME
Personal name حرمي، عبد الله
245 10 - TITLE STATEMENT
Title تعال نتعلم العد /
264 1# - PRODUCTION, PUBLICATION, DISTRIBUTION, MANUFACTURE, AND COPYRIGHT NOTICE
Place of production, publication, distribution, manufacture hg;,dj :
Name of producer, publisher, distributor, manufacturer وكالة المطبوعات،
Date of production, publication, distribution, manufacture, or copyright notice 1999.
300 ## - PHYSICAL DESCRIPTION
Extent 10ص.
650 17 - SUBJECT ADDED ENTRY--TOPICAL TERM
Topical term or geographic name as entry element التعليم
650 17 - SUBJECT ADDED ENTRY--TOPICAL TERM
Topical term or geographic name as entry element اطفال الروضه
650 17 - SUBJECT ADDED ENTRY--TOPICAL TERM
Topical term or geographic name as entry element الحساب
653 ## - INDEX TERM--UNCONTROLLED
Uncontrolled term اطفال ما قبل المدرسه (0-5)سنوات
942 ## - ADDED ENTRY ELEMENTS (KOHA)
Source of classification or shelving scheme Dewey Decimal Classification
Koha item type كتب
المقتنيات
حالة السحب حالة الفقدان مصدر التصنيف حالة التلف غير قابل للإعارة المكتبة الرئيسية المكتبة الحالية موقع الرف تاريخ التزويد الرقم المتسلسل Total Checkouts رقم الإستدعاء الباركود تاريخ آخر ظهور تاريخ الفاتورة نوع المادة (كوها)
    Dewey Decimal Classification     مكتبة البشائر للأطفال مكتبة البشائر للأطفال الأطفال 25/10/2008 1229868   ط/372.21/حرم PLD00046570 28/07/2025 25/10/2008 كتب
    Dewey Decimal Classification     مكتبة الأميرة سلمى مكتبة الأميرة سلمى الأطفال 28/07/2025 1229865   ط/372.21/حرم PLD00046562 28/07/2025 28/07/2025 كتب
    Dewey Decimal Classification     مكتبة البراءة للأطفال مكتبة البراءة للأطفال الأطفال 25/10/2008 1229866   ط/372.21/حرم PLD00046568 28/07/2025 25/10/2008 كتب
    Dewey Decimal Classification     مكتبة البراعم الواعدة مكتبة البراعم الواعدة الأطفال 25/10/2008 1229867   ط/372.21/حرم PLD00046569 28/07/2025 25/10/2008 كتب
    Dewey Decimal Classification     مكتبة الجويدة مكتبة الجويدة الأطفال 25/10/2008 1229869   ط/372.21/حرم PLD00046571 28/07/2025 25/10/2008 كتب
    Dewey Decimal Classification     مكتبة الحسن العامة مكتبة الحسن العامة الأطفال 25/10/2008 1229870   ط/372.21/حرم PLD00046572 28/07/2025 25/10/2008 كتب
    Dewey Decimal Classification     مكتبة الراية الهاشمية للأطفال مكتبة الراية الهاشمية للأطفال الأطفال 25/10/2008 1229871   ط/372.21/حرم PLD00046573 28/07/2025 25/10/2008 كتب
    Dewey Decimal Classification     مكتبة الياسمين للأطفال مكتبة الياسمين للأطفال الأطفال 24/03/2014 556821   ط/372.21/حرم PLD00296375 28/07/2025 24/03/2014 كتب
Implemented & Customized by: BBB with SCIT (Smart Chains for Information Technology)

Powered by Koha